| 000 | 00582nam a2200229Ia 4500 | ||
|---|---|---|---|
| 001 | 51527 | ||
| 005 | 20240114005230.0 | ||
| 007 | ta | ||
| 008 | 090620s1906 g b000 u u | ||
| 040 | _aCotton College,Assam | ||
| 082 |
_a891.11 _bD 934 K |
||
| 100 | _aDurgaprasad, . | ||
| 245 | 0 |
_aKavyamala / _cDurgaprasad. _hTextual Documents |
|
| 250 | _a1st ed / | ||
| 260 |
_aMumbai : _bTukaram Javaji , _c1906. |
||
| 300 |
_a141 p ; _c23 cm. |
||
| 653 | _aSanskrit literature | ||
| 653 | _aG-Sanskrit | ||
| 942 |
_2ddc _cBK |
||
| 999 |
_c51492 _d51492 |
||